MARC manual : understanding and using MARC records
Αποθηκεύτηκε σε:
| Κύριος συγγραφέας: | |
|---|---|
| Μορφή: | Βιβλίο |
| Γλώσσα: | English |
| Δημοσίευση: |
Englewood, Colorado :
Libraries Unlimited,
1998.
|
| Έκδοση: | 2nd ed. |
| Θέματα: | |
| Ετικέτες: |
Προσθήκη ετικέτας
Δεν υπάρχουν, Καταχωρήστε ετικέτα πρώτοι!
|
MARC
| LEADER | 00000cam a2200000 a 4500 | ||
|---|---|---|---|
| 001 | 1/118291 | ||
| 008 | 190322s1998####cou| ||| |||| ||eng|| | ||
| 020 | |a 18002376124 | ||
| 040 | |a GR-MyUa |b gre |c GR-MyUa |e AACR2 | ||
| 041 | 0 | |a eng | |
| 082 | 7 | |a 025.316 |2 (23) | |
| 100 | 1 | |a Byrne, Deborah J. | |
| 245 | 1 | 0 | |a MARC manual : |b understanding and using MARC records / |c Deborah J. Byrne. |
| 250 | |a 2nd ed. | ||
| 260 | |a Englewood, Colorado : |b Libraries Unlimited, |c 1998. | ||
| 300 | |a xxiii, 263 σ. ; |c 28 εκ. | ||
| 504 | |a Περιλαμβάνει βιβλιογραφικές παραπομπές και ευρετήριο. | ||
| 650 | 0 | |a MARC formats |z United States |x Handbooks, manuals, etc. | |
| 852 | |a INST |b SYROS |e 20190321 |h 025.316 BYR |p 005500013729 |q 005500013729 |t BK |y 0 | ||
| 970 | |a Κοντού |b Παρασκευή |z 22/03/2019 | ||